000
00285nam a2200121Ia 4500
008
180730s9999||||xx |||||||||||||| ||und||
082
_a
320
_b
ASI/P
100
_a
Asirvatham, Edd.
245
0
_a
Political Theory
260
_a
New Delhi
_b
S. Chand & Co.
_c
2016
300
_a
845
942
_c
BK
999
_c
150
_d
150